000 00849cam a2200265 a 4500
001 1018697
005 20250429224155.0
007 ta
008 971108s1997 ck r 000 0 spa d
015 _ack-1997-xxxx
020 _a9586391329
020 _a9586391299
040 _aCO-CtgCURN
_bspa
_ccoctgcurn
041 0 _aspa
082 0 4 _a352.086
_bB17t
_219 ed
100 1 _aBarrios Zuluaga, Ricardo.
245 1 0 _aTratado sobre el municipio contemporáneo /
_cRicardo Barrios Zuluaga.
260 _aSanta Fe de Bogotá :
_bGrijalbo,
_c1997.
300 _a506 p. ;
_c25 cm.
500 _aColección Orlando Fals Borda 1.
650 1 4 _aAdministración municipal
_zColombia.
651 0 _aColombia
_xAdministración pública.
942 _2ddc
_cBK
_h352.086
_iB17t
999 _c41648
_d41648